Security Analysis and Portfolio Management (Record no. 3487)

MARC details
000 -LEADER
fixed length control field 00296nam a2200121Ia 4500
008 - FIXED-LENGTH DATA ELEMENTS--GENERAL INFORMATION
fixed length control field 191201s2008 xx 000 0 und d
100 ## - MAIN ENTRY--PERSONAL NAME
Personal name BHATT, Sudhindra
245 #0 - TITLE STATEMENT
Title Security Analysis and Portfolio Management
260 ## - PUBLICATION, DISTRIBUTION, ETC. (IMPRINT)
Name of publisher, distributor, etc Excel Books
Date of publication, distribution, etc 2008
300 ## - PHYSICAL DESCRIPTION
Extent 682
650 ## - SUBJECT ADDED ENTRY--TOPICAL TERM
Topical term or geographic name as entry element MBA
942 ## - ADDED ENTRY ELEMENTS (KOHA)
Source of classification or shelving scheme Dewey Decimal Classification
Koha item type Text Books
Holdings
Withdrawn status Lost status Source of classification or shelving scheme Damaged status Not for loan Collection code Home library Current library Date acquired Source of acquisition Cost, normal purchase price Bill Number Total Checkouts Full call number Acc. no. / Barcode Date last seen Date last borrowed Bill Date Koha item type Checked out
    Dewey Decimal Classification     MBA PIET C-LIBRARY PIET C-LIBRARY 03/10/2008 J B C, New Delhi 350.00 S1-2181 1 332.6 BHS 9187 10/12/2025 03/12/2025 01/08/2008 Text Books  
    Dewey Decimal Classification     MBA PIET C-LIBRARY PIET C-LIBRARY 03/10/2008 J B C, New Delhi 350.00 S1-2181   332.6 BHS 9188 04/12/2019   01/08/2008 Text Books  
    Dewey Decimal Classification     MBA PIET C-LIBRARY PIET C-LIBRARY 03/10/2008 J B C, New Delhi 350.00 S1-2181 1   9189 29/01/2025 29/01/2025 01/08/2008 Text Books 18/08/2025
    Dewey Decimal Classification     MBA PIET C-LIBRARY PIET C-LIBRARY 03/10/2008 J B C, New Delhi 350.00 S1-2181 1 332.6 BHS 9190 10/12/2025 27/11/2025 01/08/2008 Text Books  

Design & Developed by: PIET Central Library
R70 Miles Stone Pattikalyana Samalkha Panipat 132102
mail ID :- [email protected], Phone No:- 0180-2569700 Ex.216